| 000 | 00466cas a22001811 4500 | ||
|---|---|---|---|
| 001 | 0000019345 | ||
| 005 | 20151217160930.0 | ||
| 008 | 101105c xxur p 0 0eng d | ||
| 040 |
_aKABU _cKABU |
||
| 245 | 0 | 4 | _aThe Economist. |
| 260 |
_aNew York : _bEconomist Group. |
||
| 300 |
_av : _bill. |
||
| 310 | _aWeekly, | ||
| 650 | 0 |
_aFinance _vPeriodicals. _@0000152417 |
|
| 908 | _a101105 | ||
| 950 | _@1 | ||
| 999 |
_c14806 _d14806 |
||